000
00318nam a22001457a 4500
003
SGT
020
_a
9788185790275
082
_a
615.19
_b
D21B
100
_a
BURANDE, MAHESH.D.
245
_a
DRUG STORE ADMINISTRATION
260
_a
PUNE
_b
NIRALI PUB.
_c
2021
300
_a
III.7
650
_a
PHARMACY
942
_2
ddc
_c
BK
999
_c
22953
_d
22953